| 000 | 01037nac a22003377a 4500 | ||
|---|---|---|---|
| 001 | BR7307622 | ||
| 003 | BR-BrBNA | ||
| 005 | 20240105113553.0 | ||
| 008 | 230509b bl.|||m| |||| 00| 0 por d | ||
| 040 |
_aBR-BrBNA _bpor _cBiblioteca Nacional de Agricultura |
||
| 072 | _aE70 | ||
| 090 | _a9125 BR7307622 | ||
| 100 | 1 | _aFigueiredo, N.M.S. de | |
| 100 | 1 | _aVieira, L.F. | |
| 100 | 1 | _aMarques, J.F. | |
| 100 | 1 | _aRenesto, O.V. | |
| 110 | 1 | _aInstituto de Tecnologia de Alimentos, Campinas, SP (Brasil) | |
| 245 | 1 | _aO mercado brasileiro de frutas e hortalicas desidratadas | |
| 260 | 3 |
_aCampinas, SP (Brasil): _c1976. |
|
| 300 | _a38 p. | ||
| 490 |
_aEstudos Economicos. Alimentos Processados - Instituto de Tecnologia de Alimentos (Brazil) _vno. 4 _x |
||
| 500 | _a8 illus.; Summaries (En, Pt) | ||
| 650 | _aFRUTA | ||
| 650 | _aHORTALICA | ||
| 650 | _aDESIDRATACAO | ||
| 650 | _aLIOFILIZACAO | ||
| 650 | _aOFERTA | ||
| 650 | _aDEMANDA | ||
| 909 |
_a202312 _bLúcia Elande _c55 _dLúcia Elande |
||
| 942 |
_2AGRIS _n0 _cMS |
||
| 999 |
_c264485 _d264485 |
||